| 000 -LEADER |
| fixed length control field |
00753nam a2200229Ia 4500 |
| 001 - CONTROL NUMBER |
| control field |
17831 |
| 003 - CONTROL NUMBER IDENTIFIER |
| control field |
GE_BSU |
| 005 - DATE AND TIME OF LATEST TRANSACTION |
| control field |
20200226110146.0 |
| 008 - FIXED-LENGTH DATA ELEMENTS--GENERAL INFORMATION |
| fixed length control field |
181216s2007en xx |||||||||||||| ||eng|| |
| 020 ## - INTERNATIONAL STANDARD BOOK NUMBER |
| International Standard Book Number |
9780582825178 |
| 040 ## - CATALOGING SOURCE |
| Transcribing agency |
GE_BSU |
| 080 ## - UNIVERSAL DECIMAL CLASSIFICATION NUMBER |
| Universal Decimal Classification number |
811.111(075.8) C-94 |
| 100 ## - MAIN ENTRY--PERSONAL NAME |
| Personal name |
Cunningham, Sarah. |
| 9 (RLIN) |
1654 |
| 245 ## - TITLE STATEMENT |
| Title |
Cutting EDGE. New. Intermediate. Students book : |
| Remainder of title |
Intermediate. Students book. with mini-dictionary / |
| Statement of responsibility, etc. |
Sarah Cunningham ; Peter Moor,. |
| 264 ## - PRODUCTION, PUBLICATION, DISTRIBUTION, MANUFACTURE, AND COPYRIGHT NOTICE |
| Place of production, publication, distribution, manufacture |
Edinburg : |
| Name of producer, publisher, distributor, manufacturer |
Pearson Longman, |
| Date of production, publication, distribution, manufacture, or copyright notice |
2005. |
| 300 ## - PHYSICAL DESCRIPTION |
| Extent |
176 p.: |
| Dimensions |
28 cm. |
| 653 ## - INDEX TERM--UNCONTROLLED |
| keyword |
Cutting EDGE |
| 653 ## - INDEX TERM--UNCONTROLLED |
| keyword |
Intermediate. Students book. with mini-dictionary |
| 653 ## - INDEX TERM--UNCONTROLLED |
| keyword |
ინგლისური ენა |
| 700 ## - ADDED ENTRY--PERSONAL NAME |
| Personal name |
Moor, Peter |
| 9 (RLIN) |
1658 |
| 942 ## - ADDED ENTRY ELEMENTS (KOHA) |
| Koha item type |
წიგნი |
| Source of classification or shelving scheme |
|